| 000 | 00942cam a22002175a 4500 | ||
|---|---|---|---|
| 001 | L150896 | ||
| 008 | 100913s2010 xxk f 000 0 eng d | ||
| 035 | _a(Sirsi) u150896 | ||
| 041 | 0 | _aeng | |
| 100 | 1 | _aCarter, Andrew | |
| 245 | 0 | 0 |
_aBeyond the boundaries _h[electronic resource] |
| 260 |
_aLondon _bCentre for Cities _c2010 |
||
| 520 | _aReport from the Centre for Cities encourages businesses and local authorities to work together in respect to skills, housing and transport so they can manage public spending cuts and maximise private sector jobs growth. | ||
| 590 | _aKA NTK | ||
| 651 | 4 |
_aEngland and Wales _y1543- |
|
| 690 | _aENVIRONMENTAL AND LAND CONSULTANCY-PLANNING AND DEVELOPMENT | ||
| 700 | 1 | _aLarkin, Kieran | |
| 700 | 1 | _aTochtermann, Lena | |
| 856 | 4 | 8 |
_uhttps://www.centreforcities.org/assets/files/10-09-07%20Beyond%20the%20Boundaries.pdf _zView the report free of charge at www.centreforcities.org |
| 942 | _n0 | ||
| 999 |
_c111011 _d111011 |
||